Normal view MARC view
  • Zweig, Arnold,

Entry Nombre Personal

Number of records used in: 1

001 - NUMERO DE CONTROL

  • campo de control: 45973

003 - IDENTIFICADOR DE NUMERO DE CONTROL

  • campo de control: DLC

005 - FECHA Y HORA DE LA ÜLTIMA TRANSACCIÓN

  • campo de control: 20220915104532.0

008 - DATOS DE LONGITUD FIJA

  • campo de control de longitud fija: 220915n| azannaabn |b aaa

010 ## - NÚMERO DE CONTROL DE LA BIBLIOTECA DEL CONGRESO

  • Número de control LC: n 50015933

035 ## - NUMERO DE CONTROL

  • Número de control: (OCoLC)oca00051396

040 ## - FUENTE DE CATALOGACIÓN

  • Agencia original de catalogación: DLC
  • Lenguaje de catalogación: spa
  • Description conventions: rda
  • Agencia de transcripción: DLC
  • Agencia que lo modifica: GU
  • Agencia que lo modifica: NjP
  • Agencia que lo modifica: OCoLC
  • Agencia que lo modifica: DLC
  • Agencia que lo modifica: MX-MxUPN

046 ## - FECHAS CON CODIFICACIÓN ESPECIAL

  • Fecha de nacimiento: 18871110
  • Fecha de muerte: 19681126
  • Fuente de información: German Wikipedia, viewed Sept. 23, 2013

053 #0 - NÚMERO DE CLASIFICACIÓN LC

  • Número de clasificación elemento-número único o número inicial de tramo: PT2653.W4

100 1# - ENCABEZAMIENTO - NOMBRE PERSONAL

  • Nombre personal: Zweig, Arnold,
  • Fechas asociadas con el nombre: 1887-1968

370 ## - LUGAR ASOCIADO

  • Place of birth: Glogau (Alemania)
  • Place of death: Berlín (Alemania)

374 ## - OCUPACIÓN

  • Occupation: Author

375 ## - GÉNERO

  • Gender: male

377 ## - LENGUA ASOCIADA

  • Language code: ger

670 ## - FUENTE EN LA QUE SE LOCALIZARON DATOS

  • Cita de la fuente: En su obra: Aufzeichnungen über eine familie ... 1911.

670 ## - FUENTE EN LA QUE SE LOCALIZARON DATOS

  • Cita de la fuente: Erziehung vor Verdun, 2001:
  • Información localizada: portada (Arnold Zweig) jkt. (b. 1887 in Gross-Glogau, Silesia; d. 1968 in Berlin)

902 ## - CATALOGADOR

  • Catalogador: NDAF/150922